Bolesław Prus czy Henryk Sienkiewicz? - Statystyki

Ogólne statystyki
  • Ten quiz został rozwiązany 289 razy
  • Średni wynik to 12 z 16
Statystyki odpowiedzi
Hint Odpowiedź % Poprawnych
Quo vadis Henryk Sienkiewicz
94%
W pustyni i w puszczy Henryk Sienkiewicz
94%
Lalka Bolesław Prus
93%
Potop Henryk Sienkiewicz
91%
Krzyżacy Henryk Sienkiewicz
89%
Latarnik Henryk Sienkiewicz
85%
Anielka Bolesław Prus
77%
Emancypantki Bolesław Prus
75%
Katarynka Bolesław Prus
74%
Placówka Bolesław Prus
71%
Janko Muzykant Henryk Sienkiewicz
71%
Bez dogmatu Henryk Sienkiewicz
65%
Antek Bolesław Prus
60%
Faraon Bolesław Prus
57%
Rodzina Połanieckich Henryk Sienkiewicz
40%
Grzechy dzieciństwa Bolesław Prus
39%
Nie znaleziono quizów pasujących do podanych kryteriów
Rozkład punktacji
Procent ludzi z każdym wynikiem
Percentyl według liczby udzielonych odpowiedzi
Twoja historia wyników
Nie rozwiązałeś tego quizu